Engineering Mathamatics with Calculus (Record no. 56503)

MARC details
000 -LEADER
fixed length control field 00421nam a2200169Ia 4500
008 - FIXED-LENGTH DATA ELEMENTS--GENERAL INFORMATION
fixed length control field 230524s9999 xx 000 0 und d
082 ## - DEWEY DECIMAL CLASSIFICATION NUMBER
Item number ACH
100 ## - MAIN ENTRY--AUTHOR NAME
Personal name M.Acharya
245 #0 - TITLE STATEMENT
Title Engineering Mathamatics with Calculus
250 ## - EDITION STATEMENT
Edition statement 3
260 ## - PUBLICATION, DISTRIBUTION, ETC. (IMPRINT)
Place of publication BBSR
Name of publisher Alok Publications
Year of publication 2005
300 ## - PHYSICAL DESCRIPTION
Number of Pages 468p;
500 ## - GENERAL NOTE
General note Quantity Number: 1
650 ## - SUBJECT ADDED ENTRY--TOPICAL TERM
Topical Term Mathamatics
700 ## - ADDED ENTRY--PERSONAL NAME
Personal name T.Psatapath
942 ## - ADDED ENTRY ELEMENTS (KOHA)
Koha item type Books
Holdings
Lost status Damaged status Permanent Location Current Location Shelving location Date acquired Full call number Accession Number Koha item type
    Central Library, Trident Academy of Technology Central Library, Trident Academy of Technology General Stacks 05/24/2023 ACH 53929 Books
Trident Academy of Technology © 2023.
All rights reserved.                                                                                                                                                                                                        Designed by Team of Central Library .

Powered by Koha